American Revolution Randomized (Basics) - Statistics

General Stats
  • This quiz has been taken 123 times
  • The average score is 20 of 30
Answer Stats
Hint Answer % Correct
The nation who helped the Americans win France
84%
Product that was dumped in Boston Harbor Tea
82%
Colonists did not want to pay ______ taxes
80%
A main author to the Declaration of Independence Thomas Jefferson
80%
The first gun shot at Lexington & Concord: "The shot heard around the _______" world
80%
Declaration of Independence Year 1776
77%
How many years the war for American Independence lasted 7
77%
Intolerable Acts = Punishment for Boston Tea ________ Party
77%
The first battle of the war: Lexington and ________ Concord
75%
The Americans reacted to the Intolerable Acts by having a meeting called: The 1st Continental _______ Congress
73%
British King during the American Revolution George III
73%
His Midnight Ride to warn about the arrival of British Soldiers made the news! Paul Revere
73%
The state where the Boston Tea Party and actual fighting of the Revolutionary war STARTED. Massachusetts
70%
Lantern warning signals: "One if by land, two if by ______" sea
70%
Intolerable Acts YEAR 1774
68%
He's famous for being a traitor to the American side Benedict Arnold
68%
What the Colonists called the British soldiers Redcoats
68%
General of the American Troops Washington
68%
The name for colonists who did NOT want Independence. Loyalists
66%
American soldiers who were prepared to be ready to fight with a "minute's notice." Minutemen
66%
Type of Government used in England at the time Monarchy
66%
The American Army was also called the ___________ Army Continental
61%
The act that required a tax to be paid on all printed papers (news, legal docs, etc.) Stamp Act
61%
British General who surrendered to Washington at the final battle of the war Cornwallis
55%
The rule that required colonists to house and feed British troops Quartering
55%
A French aristocrat who got French resources and support for the Americans Lafayette
52%
Final Battle and Surrender- American city Yorktown
52%
The First Continental Congress- the colonies promised to support Massachusetts in case of ______ attack. British
50%
The section of the Declaration where the colonists list their complaints against the king. Grievances
27%
The King put limits and taxes on colonial income from ________ trade
23%
No matching quizzes found
Score Distribution
Percent of People with Each Score
Percentile by Number Answered
Your Score History
You have not taken this quiz